000
00288nam a2200121Ia 4500
008
190216s9999||||xx |||||||||||||| ||und||
100
_a
Dhar V L
245
0
_a
Numerical Problems In Physics;
260
_b
Sulthan Chand&Sons
_c
1986
300
_a
30.16p
650
_a
Physics
942
_c
BK
999
_c
33019
_d
33019